Načítá se...

Absorption spectroscopy.

Podrobná bibliografie
Hlavní autor: Bauman, R. P. (Robert Poe)
Médium: Printed Book
Vydáno: New York, Wiley [1962]
Témata:
LEADER 00606cam a22001811 4500
040 |a DLC  |c DLC  |d DLC  |d ICU 
050 0 0 |a QC437  |b .B36 
082 0 0 |a 535.84 
100 1 |a Bauman, R. P.  |q (Robert Poe) 
245 0 0 |a Absorption spectroscopy. 
260 |a New York,  |b Wiley  |c [1962] 
300 |a 611 p.  |b illus.  |c 24 cm. 
504 |a Includes bibliography. 
650 0 |a Absorption spectra. 
906 |a 7  |b cbc  |c orignew  |d u  |e ocip  |f 19  |g y-gencatlg 
942 |2 ddc  |c BK 
999 |c 118521  |d 118521 
952 |0 0  |1 0  |2 ddc  |4 0  |6 535_540000000000000_BAU_E  |7 0  |9 129675  |a CHE  |b CHE  |c ST1  |d 2018-08-15  |i 1030  |l 0  |o 535.54 BAU/E  |p CHE1030  |r 2013-03-02  |y BK